000 00802nam a2200241 i 4500
001 88742
003 ES-MaACL
005 20230906175922.0
007 t|
008 041220s2000 sp ||||1| spa d
020 _a84-7738-738-9
080 _a930.85(8=134.2)"14/17"
100 1 _aChocano Mena, Magdalena.
_938581
245 1 3 _aLa América colonial (1492-1763)
_b: cultura y vida cotidiana /
_cMagdalena Chocano Mena.
260 _aMadrid :
_bSíntesis,
_c[2000]
300 _a287 p. :
_bil. ;
_c22 cm.
490 1 _aHistoria de España, 3er. milenio ;
_v19
504 _aBibliografía: p. [277]-287.
651 _aAmérica española-
_xCivilización.
_97720
830 0 _aHistoria de España, 3er. milenio ;
_v19
_9188844
852 _aES-MaACL
_jE-10593
_bR.134843
999 _c88742
_d88742